000 00807nam a2200253 i 4500
001 bg
100 1 _aGOLINOWSKA, Stanisława
245 1 0 _aPomoc społeczna - zmiany i warunki skutecznego działania /
_cStanisława Golinowska, Irena Topińska.
260 _aWarszawa :
_bCASE -Centrum Analiz Społeczno-Ekonomicznych,
_c2002.
300 _a94 s. ;
_c24 cm.
490 1 _aW Stronę Rynku
504 _aBibliogr.
650 9 _aOpieka społeczna
_zPolska
_yod 1989 r.
700 1 _aTOPIŃSKA, Irena
830 _aW Stronę Rynku
020 _a8371782310
040 _cBPK
041 0 _apl
080 _a364(438)"1989/..."
920 _a83-7178-231-0
942 _cKS
008 s pl f |000 0 pol
999 _c41076
_d41076
856 _uhttp://koha.tu.koszalin.pl/cgi-bin/koha/opac-detail.pl?biblionumber=41076
_yKatalog online BPK